1454 1208 1118 1857 1664 1174 1908 1356 1575 1761 1112 1669 1353 1651 1328 1472 1330 1358 1667 1839 1874 1688 1913 1044 1679 1924 1703 1393 1524 1677 1256 1636 1830 1035 1210 1827 1887 1866 1559 1286 1715 1027 1803 1475 1466 1180 1301 1308 1811 1628 1217 1104 1970 1903 1879 1765 1399 1012 1213 1530 1639 1401 1527 1070 1053 1357 1152 1375 1431 1649 1466 1904 1206 1067 1403 1099 1307 1981 1211 1171 1749 1536 1991 1023 1187 1731 1086 1519 1551 1712 1183 1995 1312 1324 1026 1789 1024 1677 1234 BCNSPRNW ULIB Ver.6.0+V

เปลี่ยนเป็นภาษาไทย

Change to English
 แสดงรายละเอียดบรรณานุกรม
  กลับหน้าหลัก

Brief Record : Get Marc (ISO 2709) : E-mail record : QR code < ปิดหน้าต่าง
LEADER : 00000nam 2200000uu 4500
001    13399111581
003     ULIB
008    110701s||||||||th 000 0 tha d
020    9786117061073
050 04 BQ7210^bพ358ห 2552
100 0  พระมหาสมปอง ตาลปุตฺโต
245 10 หลงทางเสียเวลา เดินตามอาตมามีอนาคต(นะโยม) /^cพระมหาสมปอง ตาลปุตฺโต
260    กรุงเทพ ฯ :^bโพสต์บึ๊คส์,^c2552
300    208 หน้า
650  7 ธรรมะ^xรวมเรื่อง
945    ^p175^l0^i026492
995    ทศพร
999 ^a ใช้งานได้ทุกระบบ
รายการนี้ยังไม่มีแท็ก
คุณยังไม่ได้ล็อกอิน คุณสามารถมีกิจกรรมร่วมกับเว็บไซต์ได้ แต่ต้องล็อกอินก่อน ::
  ล็อกอิน

รายการสื่อสารสนเทศ

ลำดับที่ ประเภท เลขเรียก/บาร์โค้ด สถานที่ สถานะ
- ไม่พบข้อมูล -

รายการใกล้เคียง
    ผู้แต่ง [พระมหาสมปอง ตาลปุตฺโต]

BibComment


ยังไม่เคยถูกคอมเมนท์

คอมเมนท์ทรัพยากรรายการนี้
  คอมเมนท์: หลงทางเสียเวลา เด..


 Copyright 2026. Bcnsprnw @Library